| 000 | 00738nam a2200193 4500 | ||
|---|---|---|---|
| 001 | 5786 | ||
| 005 | 20230202100050.0 | ||
| 008 | 230202b |||||||| |||| 00| 0 eng d | ||
| 082 | _a895.1 | ||
| 245 | 0 | 0 |
_aLIT 103 : _bContemporary Bhutanese writings in English : coursepack / _cRoyal Thimphu College. |
| 260 | 0 | 0 |
_aThimphu : _bRoyal Thimphu College, _c2022. |
| 300 | 0 | 0 | _a31 p. |
| 500 | _a""""For LIT 103 program use only"""" | ||
| 500 | _a""""Royal Thimphu College, Thimphu"""" | ||
| 500 | _aLIT 103 Contemporary Bhutanese writings in english Course Pack for spring 2022 | ||
| 500 | _aXerographic copy in a binder. | ||
| 650 | 0 | 0 | _aContemporary Bhutanese writings inEnglish --Study and teaching (Elementary). |
| 942 |
_2ddc _cCE TEXBOOK |
||
| 999 |
_c4882 _d4882 |
||